| 000 | 00825cam a22002295a 4500 | ||
|---|---|---|---|
| 001 | 18287968 | ||
| 005 | 20161208103808.0 | ||
| 008 | 140903s2015 nyua frb 001 0 eng d | ||
| 020 | _a9780765642332 | ||
| 040 |
_aDLC _beng _cDLC _dDLC _dEG-ScBUE |
||
| 082 | 0 | 4 |
_a302.2072 _222 _bBOY |
| 100 | 1 |
_aBoyle, Michael P., _d1975- |
|
| 245 | 1 | 0 |
_aApplied communication research methods : _bgetting started as a researcher / _cMichael P. Boyle, Mike Schmierbach. |
| 260 |
_aNew York ; _aOxon : _bRoutledge / Taylor & Francis Group, _c2015. |
||
| 300 |
_axxiv, 423 p. : _bill. ; _c27 cm. |
||
| 504 | _aIncludes bibliographical references and index. | ||
| 650 | 7 |
_aCommunication _xResearch. _2BUEsh |
|
| 650 | 7 |
_aCommunication _xMethodology. _2BUEsh |
|
| 653 |
_bCOMAME _cDecember2016 |
||
| 700 | 1 |
_aSchmierbach, Mike, _d1976- |
|
| 942 | _2ddc | ||
| 999 |
_c23511 _d23483 |
||